LEADER 01037cam0-22003491i-450- 001 990007453330403321 005 20030725123151.0 010 $a88-13-19991-0 035 $a000745333 035 $aFED01000745333 035 $a(Aleph)000745333FED01 035 $a000745333 100 $a20030723d1997----km-y0itay50------ba 101 1 $aita$aspa 102 $aIT 105 $ay---n---001yy 200 1 $a<>codice penale spagnolo$fintroduzione di Gonzalo Quintero Olivares$gtraduzione di Giampaolo Naronte 210 $aPadova$cCEDAM$d1997 215 $aXVI, 361 p.$d24 cm 225 1 $aCasi, fonti e studi per il diritto penale$hSer. 2$i<>fonti$v8 300 $aTesto orig. a fronte. 676 $a345.46002632$v20 702 1$aNaronte,$bGiampaolo 702 1$aQuintero Olivares,$bGonzalo 710 01$aSpagna$077817 801 0$aIT$bUNINA$gRICA$2UNIMARC 901 $aBK 912 $a990007453330403321 952 $a9-3(8)$fDSPCP 959 $aDSPCP 996 $aCodice penale spagnolo$9679383 997 $aUNINA